000 00486nam a22001817a 4500
003 CEME
005 20210628203109.0
008 210218b xxu||||| |||| 00| 0 eng d
020 _a81-7808-106-7
040 _c.
082 _a005.133 RUM
100 _aJacobson, Ivar, Rumbaugh, James , Booch, Grady
_963291
245 _aThe unified modeling language reference manual
260 _aINDIA
_bADDSION-WESLEY
_c2000
300 _aXVII,550P
650 _aUML
_963292
942 _cBK
_2ddc
999 _c572159
_d572159